000 00394nam a2200169Ia 4500
008 170705s9999 xx 000 0 und d
020 _a9780439425209
245 _aMillicent Min, girl genius /
245 _cLisa Yee.
260 _aNew York :
260 _bScholastic,
260 _c2003
300 _a248 pages :
300 _bcolor illustration ;
300 _c19cm.
500 _a800
999 _c336403
_d336403